| 000 | 01005cam a2200241 4500 | ||
|---|---|---|---|
| 001 | WB3815-23 | ||
| 008 | 020423n2002 000 0 eng u | ||
| 035 | _a(Sirsi) u117639 | ||
| 245 | _aRespecter of persons | ||
| 260 | _c2002 | ||
| 490 |
_aEstates Gazette _v(0216) 20 April 2002, 179(1) |
||
| 520 | _aThe Court of Appeal has recently ruled in "Braymist Ltd v Wise Finance Co Ltd" (2002) that a developer is not entitled to withdraw from an agreement for the purchase of land. The main points being that a person who contracts for a company not yet incorporated has rights as well as liabilities on that contract, and that such a person's signature is enough to validate a sale of land. | ||
| 590 | _aWB | ||
| 650 | _aLIABILITIES | ||
| 650 | _aBRAYMIST LTD V WISE FINANCE CO LTD | ||
| 650 | _aLAW REFORM (MISCELLANEOUS PROVISIONS) ACT 1989 | ||
| 650 | _aCOMPANIES ACT 1985 | ||
| 650 | _aSIGNATURES | ||
| 650 | _aSALE OF LAND | ||
| 650 | _aDEVELOPERS | ||
| 690 | _aPROPERTY | ||
| 942 | _n0 | ||
| 999 |
_c70044 _d70044 |
||